Desarrollo capitalista en el estado empresario: apuntes para el trabajo social costarricense /
El presente artículo, primera parte de un ensayo sobre el tema, desarrolla un acercamiento a aquellas tensiones que tuvo que enfrentar la profesión de Trabajo Social en el contexto del inicio y consolidación del Estado empresario en Costa Rica. Se detalla lo que respecta a las transformaciones del m...
Shranjeno v:
| Glavni avtor: | |
|---|---|
| Format: | Texto |
| Teme: | |
| Oznake: |
Označite
Brez oznak, prvi označite!
|
MARC
| LEADER | 00000 a a2200000 04500 | ||
|---|---|---|---|
| 001 | 13731 | ||
| 003 | |||
| 040 | |||
| 100 | |a Esquivel Corella, Freddy | ||
| 245 | |a Desarrollo capitalista en el estado empresario: apuntes para el trabajo social costarricense / |c Freddy Esquivel Corella | ||
| 520 | |a El presente artículo, primera parte de un ensayo sobre el tema, desarrolla un acercamiento a aquellas tensiones que tuvo que enfrentar la profesión de Trabajo Social en el contexto del inicio y consolidación del Estado empresario en Costa Rica. Se detalla lo que respecta a las transformaciones del modo de producción, los cambios en el mundo del trabajo y el desenvolvimiento político institucional expresado en materia de seguridad social en esos años | ||
| 650 | |a TRABAJO SOCIAL | ||
| 650 | |a ESTADO | ||
| 650 | |a COSTA RICA | ||
| 773 | |g volumen 86, número 1; páginas 151-165 | ||
| 999 | |c 38732 |d 38732 | ||
